Faktory efektívnosti poľnohospodárskej mechanizácie v zlúčených JRD

Bibliographic Details
Main Author: Kováč, Milan (Author)
Format: Article
Language:Slovak
Subjects:

MARC

LEADER 00000nab a2200000 a 4500
001 vtls000030457
003 SK-MaSNL
005 20260304071039.0
008 250422c1979 xo 0 slo
015 |a SNBRB19rr/mm-uuuuu 
035 |a CL0040551 
035 |a urn:nbn:sk:snk-ab2loc 
035 |a (urnnbn)urn:nbn:sk:snk:ar-a02max 
035 |a (uuid)ab2931b5-b8d7-4840-b79a-30d174adccf4 
040 |a SNKBUCL  |b slo  |c SNKBUCL  |e AACR2 
041 0 |a slo 
044 |a xo  |c SK 
080 |a 631.3  |2 1981 
080 |a 631.1  |2 1981 
100 1 |a Kováč, Milan  |4 aut  |9 279247 
245 1 0 |a Faktory efektívnosti poľnohospodárskej mechanizácie v zlúčených JRD  |c Milan Kováč 
650 0 7 |a družstvá roľnícke zlúčené  |2 snkbucl  |9 1000994 
650 0 7 |a mechanizácia poľnohospodárstva  |2 snkbucl  |9 27292 
655 7 |a články z novín a časopisov  |2 snkbucl  |9 267496 
773 0 |t Ekonomika poľnohospodárstva  |g Roč. 18, č. 5 (1979), s. 213-215 
850 |a Slovenská národná knižnica 
852 |a Slovenská národná knižnica 
954 |a odborná, vedecká literatúra pôvodná (slovenská)  |2 lita 
958 |a article27 
958 |a RK 
958 |a OND 
958 |a EUIPO 
992 |a RBX 
999 |c 2758672  |d 2760602